Polyfunkčný bytový dom Karadžičova ulica, Bratislava

Salvato in:
Dettagli Bibliografici
Autore principale: Kiššová, Barbora (Autore)
Altri autori: Závodný, Ľubomír (Relatore della tesi)
Natura: Manoscritto Libro
Lingua:slovacco
Pubblicazione: 2024
Soggetti:
Accesso online:http://is.stuba.sk/zp/portal_zp.pl?podrobnosti=178789
Tags: Aggiungi Tag
Nessun Tag, puoi essere il primo ad aggiungerne!!

MARC

LEADER 00000ntm a22000003a 4500
001 stuzp99559
003 SK-STU
005 20240608213118.5
007 ta
008 150427s2015----xo-----f-mn---000-0-slo-d
040 |a STU  |b slo 
041 0 |a slo 
100 1 |a Kiššová, Barbora  |u 051110  |4 aut  |U FAD Fakulta architektúry a dizajnu  |T FAD Ústav architektúry obytných budov  |X 99268  |U A1110  |Y 392  |7 99268 
242 0 1 |a Multifunctional apartment building Karadžičova street, Bratislava  |y eng 
245 1 0 |a Polyfunkčný bytový dom Karadžičova ulica, Bratislava 
260 |c 2024 
650 4 |a nájomné bývanie  |2 slo 
650 4 |a komunita  |2 slo 
650 4 |a zeleň  |2 slo 
650 4 |a flexibilita  |2 slo 
650 4 |a rental housing  |2 eng 
650 4 |a community  |2 eng 
650 4 |a greenery  |2 eng 
650 4 |a flexibility  |2 eng 
700 1 |a Závodný, Ľubomír  |u 051110  |k Z1  |4 ths  |U FAD Fakulta architektúry a dizajnu  |T FAD Ústav architektúry obytných budov  |X 45410  |U A1110  |Y 392  |7 45410 
856 4 |u http://is.stuba.sk/zp/portal_zp.pl?podrobnosti=178789